| 000 | 00726 a2200265 4500 | ||
|---|---|---|---|
| 001 | 200421819 | ||
| 999 |
_c200421819 _d12789 |
||
| 003 | TR-AnTOB | ||
| 005 | 20220422143329.0 | ||
| 008 | 150416e1976 tu 000 0 | ||
| 040 |
_aTR-AnTOB _beng _erda |
||
| 041 | _atur | ||
| 050 | 0 |
_aHC492 _b.O94 1976 |
|
| 090 | _aHC492 .O94 1976 | ||
| 100 |
_aÇeçen, Anıl, _d1948- _926913 |
||
| 245 | 1 | 0 |
_a100 soruda sanayileşme ve Türkiye / _cÖzlem Özgür. |
| 264 | 1 |
_aİstanbul : _bGerçek Yayınevi, _c1976 |
|
| 300 |
_a272 pages ; _c20 cm. |
||
| 336 |
_atext _2rdacontent |
||
| 337 |
_aunmediated _2rdamedia |
||
| 338 |
_avolume _2rdacarrier |
||
| 650 | 0 |
_aIndustries _931822 |
|
| 650 | 7 |
_aEndüstriler _2etuturkob _931823 |
|
| 942 | _cBK | ||